Landmarks in Indian constitutional and national development, Vol.-1, 1600 to 1919 / (Record no. 22836)

MARC details
000 -LEADER
fixed length control field 00845cam a22002771a 4500
001 - CONTROL NUMBER
control field 6492551
003 - CONTROL NUMBER IDENTIFIER
control field BDDh-ASL
005 - DATE AND TIME OF LATEST TRANSACTION
control field 20231015030150.0
008 - FIXED-LENGTH DATA ELEMENTS--GENERAL INFORMATION
fixed length control field 820519s19631950ii 000 0 eng
010 ## - LIBRARY OF CONGRESS CONTROL NUMBER
LC control number 50039485
035 ## - SYSTEM CONTROL NUMBER
System control number (OCoLC)8442905
040 ## - CATALOGING SOURCE
Original cataloging agency DLC
Transcribing agency PPiCC
Modifying agency DLC
-- BDDh-ASL
050 00 - LIBRARY OF CONGRESS CALL NUMBER
Classification number JQ211
Item number .S52
082 ## - DEWEY DECIMAL CLASSIFICATION NUMBER
Classification number 954.342
Item number SIL
100 0# - MAIN ENTRY--PERSONAL NAME
Personal name Gurmukh Nihal Singh,
Dates associated with a name 1895-
245 10 - TITLE STATEMENT
Title Landmarks in Indian constitutional and national development, Vol.-1, 1600 to 1919 /
250 ## - EDITION STATEMENT
Edition statement 5th ed.
260 ## - PUBLICATION, DISTRIBUTION, ETC.
Place of publication, distribution, etc. Delhi :
Name of publisher, distributor, etc. Atma Ram,
Date of publication, distribution, etc. 1950-
-- 1963.
300 ## - PHYSICAL DESCRIPTION
Extent v-1, 341 p. :
Dimensions 23 cm.
504 ## - BIBLIOGRAPHY, ETC. NOTE
Bibliography, etc. note Bibliographical footnotes.
505 1# - FORMATTED CONTENTS NOTE
Formatted contents note 1. 1600-1919.
650 #0 - SUBJECT ADDED ENTRY--TOPICAL TERM
Topical term or geographic name entry element Constitutional history
Geographic subdivision India.
651 #0 - SUBJECT ADDED ENTRY--GEOGRAPHIC NAME
Geographic name India
General subdivision Politics and government.
906 ## - LOCAL DATA ELEMENT F, LDF (RLIN)
a 7
b cbc
c oclcrpl
d u
e ncip
f 19
g y-gencatlg
942 ## - ADDED ENTRY ELEMENTS (KOHA)
Source of classification or shelving scheme Dewey Decimal Classification
Koha item type Books
Holdings
Withdrawn status Lost status Source of classification or shelving scheme Damaged status Not for loan Collection code Home library Current library Shelving location Date acquired Source of acquisition Serial Enumeration / chronology Total Checkouts Full call number Barcode Date last seen Copy number Price effective from Koha item type Public note
    Dewey Decimal Classification     Non-fiction Asiatic Society Library Asiatic Society Library General Stacks 03/06/2021 ASB Library Collections V-1   954.342 SIL 107160 03/06/2021 C-1 03/06/2021 Books RARE

Powered by Koha